Higher Secondary Accountancy (Record no. 4318)

MARC details
000 -LEADER
fixed length control field 00378nam a22001577a 4500
005 - DATE AND TIME OF LATEST TRANSACTION
control field 20160627160355.0
008 - FIXED-LENGTH DATA ELEMENTS--GENERAL INFORMATION
fixed length control field 160627b xxu||||| |||| 00| 0 eng d
041 ## - LANGUAGE CODE
Language code of text/sound track or separate title eng
082 ## - DEWEY DECIMAL CLASSIFICATION NUMBER
Item number 10668
100 ## - MAIN ENTRY--AUTHOR NAME
Personal name Giri, Prof. Mritunjay
245 ## - TITLE STATEMENT
Title Higher Secondary Accountancy
260 ## - PUBLICATION, DISTRIBUTION, ETC. (IMPRINT)
Name of publisher Parul Prakashan
Year of publication 2008
300 ## - PHYSICAL DESCRIPTION
Number of Pages 16-112
650 ## - SUBJECT ADDED ENTRY--TOPICAL TERM
Topical Term Management
942 ## - ADDED ENTRY ELEMENTS (KOHA)
Koha item type Books
Holdings
Lost status Damaged status Collection code Home library Current library Shelving location Date acquired Cost, normal purchase price Full call number Accession Number Koha item type
    MANAGEMENT JRU Library JRU Library Shelf - 27- F 27/06/2016 267.00 10668 10668 Books